Online
Catalog

Matrimonio sorprendente : (Record no. 14321)

MARC details
000 -CABECERA
campo de control de longitud fija 00470nam a2200169 a 4500
001 - NÚMERO DE CONTROL
campo de control 000014738
005 - FECHA Y HORA DE LA ÚLTIMA TRANSACCIÓN
campo de control 20200929163908.0
008 - DATOS DE LONGITUD FIJA--INFORMACIÓN GENERAL
campo de control de longitud fija 100119s1975 ag 000 0 spa d
040 ## - FUENTE DE LA CATALOGACIÓN
Centro catalogador/agencia de origen DO-SdBNP
Lengua de catalogación spa
Centro/agencia transcriptor BNPHU
082 ## - NÚMERO DE LA CLASIFICACIÓN DECIMAL DEWEY
Número de clasificación A863.44
Número de documento/Ítem P598m, 1975
049 ## - FONDOS LOCALES (OCLC)
Fondos de biblioteca BNGR
100 1# - ENTRADA PRINCIPAL--NOMBRE DE PERSONA
Nombre de persona Pico, Pancho,
9 (RLIN) 33423
245 10 - MENCIÓN DE TÍTULO
Título Matrimonio sorprendente :
Resto del título una novela /
Mención de responsabilidad, etc. Pancho Pico.
250 ## - MENCIÓN DE EDICIÓN
Mención de edición 2a ed.
260 ## - PUBLICACIÓN, DISTRIBUCIÓN, ETC.
Lugar de publicación, distribución, etc. Buenos Aires :
Nombre del editor, distribuidor, etc. Mundo Hispano,
Fecha de publicación, distribución, etc. 1975.
300 ## - DESCRIPCIÓN FÍSICA
Extensión 92 p. ;
Dimensiones 18 cm.
Holdings
Estado de retiro Estado de pérdida Restricciones de uso No para préstamo Código de colección Localización permanente Ubicación/localización actual Ubicación en estantería Fecha de adquisición Número de inventario Total de préstamos Signatura topográfica completa Código de barras Fecha visto por última vez Precio válido a partir de Tipo de ítem Koha Número de copia
    Préstamo interno   Monografías: Libros y Folletos General General En catalogación 19.01.2010 LF1   A863.44 P598m, 1975 14738-10 25.06.2020 25.06.2020 Préstamo interno  
    Préstamo interno Préstamo restrigido Monografías: Libros y Folletos General General En catalogación 20.09.2010 LF1   A863.44 P598m, 1975 14738-20 25.06.2020 25.06.2020 Préstamo interno e. 2

Powered by Koha